01245cam a22002173a 450000100060000000300060000600500170001200800410002904000150007004200070008505000070009210000370009924500790013626000290021550506510024450600300089551600200092565300110094583000290095685600420098515963PGUSA20140828083336.0050531s2005||||xxu|||||s|||||000 p eng d aPGUSAbeng adc 4aPS1 aEmerson, Ralph Waldo,d1803-188210aMay-Day ;band, Other Piecesh[electronic resource] /cRalph Waldo Emerson bProject Gutenberg,c20050 aMay-day -- The Adirondacs -- Occasional and miscellaneous pieces: Brahma. Nemesis. Fate. Freedom. Ode sung in the Town hall, Concord, July 4, 1857. Boston hymn. Voluntaries. Love and thought. Lover's petition. Una. Letters. Rubies. Merlin's song. The test. Solution -- Nature and life: Nature. The Romany girl. Days. The Chartist's complaint. My Garden. The titmouse. Sea-shore. Song of nature. Two rivers. Waldeinsamkeit. Terminus. The past. The last farewell. In memoriam -- Elements: Experience. Compensation. Politics. Heroism. Character. Culture. Friendship. Beauty. Manners. Art. Spiritual laws. Unity. Worship -- Quatrains -- Translations. aPublic domain in the USA. aElectronic text aPoetry 0aProject Gutenbergv1596340uhttp://www.gutenberg.org/ebooks/15963